[Event "ch-IRL 2014"]
[Site "Dublin IRL"]
[Date "2014.07.06"]
[Round "2.13"]
[White "Butler, Kevin"]
[Black "King, Melvyn"]
[Result "1-0"]
[WhiteElo "2026"]
[BlackElo "1874"]
[WhiteFideId "2501538"]
[BlackFideId "2503379"]
[EventDate "2014.07.05"]
[EventType "swiss"]

1. e4 e5 2. Nf3 f5 3. Nxe5 Qf6 4. d4 d6 5. Nc4 fxe4 6. Ne3 c6 7. Bc4 d5 8. Bb3
Be6 9. c4 Bb4+ 10. Nc3 Bxc3+ 11. bxc3 Ne7 12. Ba3 Qg5 13. Qe2 Nd7 14. cxd5 cxd5
15. Bxe7 Kxe7 16. Qb5 Rac8 17. Qxb7 Rb8 18. Qa6 Rb6 19. Qxa7 Rhb8 20. Qa5 Nf6
21. Qa3+ Kf7 22. Qb2 Nh5 23. Qd2 Nf4 24. Kd1 Nd3 25. Rf1 Nf4 26. f3 exf3 27.
Rxf3 Ke7 28. Qe1 Rf8 29. Rxf4 Rxf4 30. Nxd5+ Kd6 31. Qe5+ Qxe5 32. dxe5+ Kxe5
33. Nxf4 Bxb3+ 34. axb3 Kxf4 35. Kc2 Ke3 36. Rf1 Rd6 37. Rf3+ Ke4 38. b4 g5 39.
h3 h5 40. Kb3 g4 41. hxg4 hxg4 42. Rf2 Ke3 43. Rb2 g3 44. b5 Rf6 45. c4 Rf2 46.
b6 Kd4 47. b7 Rf8 48. Kb4 Rb8 49. Ka5 Kxc4 50. Ka6 1-0

[Event "ch-IRL 2014"]
[Site "Dublin IRL"]
[Date "2014.07.06"]
[Round "2.14"]
[White "MacElligott, Gerard"]
[Black "Twomey, Pat"]
[Result "1-0"]
[WhiteTitle "CM"]
[WhiteElo "2013"]
[BlackElo "1872"]
[WhiteFideId "2500647"]
[BlackFideId "2501937"]
[EventDate "2014.07.05"]
[EventType "swiss"]

1. d4 d5 2. Nf3 Bg4 3. Ne5 Bh5 4. c4 e6 5. Qb3 b6 6. e3 Nf6 7. cxd5 exd5 8. Bb5+
Nbd7 9. Nc3 Bd6 10. Nc6 Qc8 11. Nxd5 O-O 1-0

[Event "ch-IRL 2014"]
[Site "Dublin IRL"]
[Date "2014.07.06"]
[Round "2.15"]
[White "Loughran, John"]
[Black "O'Rourke, Ray"]
[Result "1/2-1/2"]
[WhiteElo "1872"]
[BlackElo "1997"]
[WhiteFideId "2501562"]
[BlackFideId "2501023"]
[EventDate "2014.07.05"]
[EventType "swiss"]

1. e4 c5 2. Nf3 Nc6 3. d4 cxd4 4. Nxd4 a6 5. Nc3 e6 6. Be3 Qc7 7. Bd3 Nf6 8. O-O
Bd6 9. Nxc6 Bxh2+ 10. Kh1 bxc6 11. g3 Bxg3 12. fxg3 Qxg3 13. Qf3 Qh4+ 14. Kg2 d5
15. Rh1 Qg4+ 16. Qxg4 Nxg4 17. Bc5 h5 18. Raf1 Rh6 19. Be2 e5 20. exd5 Rg6 21.
Bxg4 Bxg4 22. Kf2 cxd5 23. Nxd5 Rc6 24. b4 Rd8 25. c4 a5 26. a3 f5 27. Re1 e4
28. Ke3 g5 29. Kd4 Bf3 30. Rhg1 g4 31. Be7 Rd7 32. Bh4 f4 33. Bg5 axb4 34. axb4
e3 35. b5 Re6 36. Kc5 Bxd5 37. cxd5 Re5 38. Bxf4 Rdxd5+ 39. Kc4 Rc5+ 40. Kd4
Red5+ 41. Kxe3 Rxb5 42. Kf2+ Kf7 43. Re3 Rf5 44. Kg3 Rb4 45. Rf1 Rc4 46. Rf2 1/2-1/2

[Event "ch-IRL 2014"]
[Site "Dublin IRL"]
[Date "2014.07.07"]
[Round "3.1"]
[White "Short, Philip M"]
[Black "Collins, Sam E."]
[Result "0-1"]
[WhiteTitle "FM"]
[BlackTitle "IM"]
[WhiteElo "2274"]
[BlackElo "2488"]
[WhiteFideId "2500086"]
[BlackFideId "2501198"]
[EventDate "2014.07.05"]
[EventType "swiss"]

1. d4 Nf6 2. Nf3 c5 3. e3 cxd4 4. exd4 d5 5. Bd3 Bg4 6. h3 Bh5 7. c3 Nc6 8. O-O
Qc7 9. Be3 e6 10. Nbd2 Be7 11. Qc2 O-O 12. Bg5 Bg6 13. Bxg6 hxg6 14. a4 a6 15.
Qd3 Rab8 16. Rfe1 Bd6 17. b3 b5 18. axb5 axb5 19. b4 Rfc8 20. Bxf6 gxf6 21. Nb3
Kg7 22. Ra6 Bxb4 23. Rxc6 Qxc6 24. cxb4 Qc4 25. Qe3 Qxb4 26. Nc5 Ra8 27. Qf4
Rxc5 28. Qe3 Rcc8 0-1

[Event "ch-IRL 2014"]
[Site "Dublin IRL"]
[Date "2014.07.07"]
[Round "3.2"]
[White "Redmond, John P."]
[Black "Brady, Stephen"]
[Result "1/2-1/2"]
[BlackTitle "FM"]
[WhiteElo "2259"]
[BlackElo "2338"]
[WhiteFideId "2500051"]
[BlackFideId "2500124"]
[EventDate "2014.07.05"]
[EventType "swiss"]

1. c4 c5 2. g3 Nc6 3. Bg2 g6 4. Nc3 Bg7 5. Nf3 Nh6 6. d4 cxd4 7. Nxd4 Nxd4 8.
Bxh6 Nc2+ 9. Qxc2 Bxh6 10. O-O Rb8 11. Rfd1 b6 12. Nb5 a6 13. Na7 Qc7 1/2-1/2

[Event "ch-IRL 2014"]
[Site "Dublin IRL"]
[Date "2014.07.07"]
[Round "3.3"]
[White "Fitzsimons, David"]
[Black "O'Connell, Gerard"]
[Result "1-0"]
[WhiteTitle "FM"]
[WhiteElo "2351"]
[BlackElo "2132"]
[WhiteFideId "2501961"]
[BlackFideId "2500493"]
[EventDate "2014.07.05"]
[EventType "swiss"]

1. e4 c5 2. Nf3 d6 3. d4 cxd4 4. Nxd4 Nf6 5. Nc3 g6 6. Be3 Bg7 7. f3 Nc6 8. Qd2
O-O 9. O-O-O Nxd4 10. Bxd4 Be6 11. Kb1 a6 12. g4 b5 13. h4 b4 14. Nd5 Bxd5 15.
exd5 Qa5 16. Bc4 Rfc8 17. Qe2 Rab8 18. Qxe7 Rxc4 19. Bxf6 Bf8 20. Qe2 Rbc8 21.
Rd2 Rf4 22. Bg5 Rfc4 23. h5 Bg7 24. hxg6 hxg6 25. Qh2 f6 26. Bh6 1-0

[Event "ch-IRL 2014"]
[Site "Dublin IRL"]
[Date "2014.07.07"]
[Round "3.4"]
[White "Daly, Colm"]
[Black "Wallace, Paul"]
[Result "1-0"]
[WhiteTitle "FM"]
[WhiteElo "2333"]
[BlackElo "2170"]
[WhiteFideId "2500434"]
[BlackFideId "2500892"]
[EventDate "2014.07.05"]
[EventType "swiss"]

1. d4 Nf6 2. Nf3 g6 3. c4 Bg7 4. Nc3 O-O 5. e4 d6 6. Be2 e5 7. O-O Nbd7 8. Re1
c6 9. Bf1 Re8 10. d5 cxd5 11. cxd5 h6 12. Bd2 a6 13. b4 b5 14. a4 bxa4 15. Rxa4
Bb7 16. Qb1 Qb8 17. Qa2 Nb6 18. Ra5 Rc8 19. Na4 Nbd7 20. Bd3 Ne8 21. Nb2 Nc7 22.
Qa4 Nb6 23. Qb3 Rf8 24. Be3 Nc8 25. Nd2 f5 26. f3 f4 27. Bf2 Bf6 28. Raa1 Bd8
29. Na4 Nb5 30. Qd1 Qc7 31. Rc1 Qd7 32. Nc4 Rb8 33. Na5 Nca7 34. Qb3 Kg7 35. Qa2
Ba8 36. Nb3 Nc8 37. Rc2 Nb6 38. Nb2 Bb7 39. Rec1 Rc8 40. Na5 Rxc2 41. Rxc2 Nc8
42. Na4 Nca7 43. Qa1 Ba8 44. Nb2 Bf6 45. Nbc4 Nc8 46. Nb3 Bb7 47. Nca5 Bd8 48.
Qc1 Ne7 49. Nxb7 Qxb7 50. Na5 Bxa5 51. bxa5 Rc8 52. Rxc8 Nxc8 53. Qb2 Nca7 54.
h3 Kf6 55. Kh2 Ke7 56. Bb6 Nc7 57. Qc2 Ncb5 58. Qb3 Nd4 59. Qc4 Nab5 60. Qb4 Qd7
61. Bxd4 exd4 62. Bxb5 Qxb5 63. Qxd4 Qxa5 64. Qg7+ Kd8 65. Qf6+ Kd7 66. Qe6+ Kc7
67. Qe7+ Kc8 68. Qxd6 Qa1 69. Qc6+ Kb8 70. d6 Qe1 71. Qb6+ Ka8 72. Qxa6+ Kb8 73.
Qb6+ Ka8 74. Qd8+ Kb7 75. Qc7+ Ka8 76. Qc8+ Ka7 77. Qg4 g5 78. h4 Qd2 79. e5 Qd4
80. Qd7+ Kb6 81. Qc7+ Ka6 82. Qc6+ Ka7 83. Qe4 Qxe4 84. fxe4 1-0

[Event "ch-IRL 2014"]
[Site "Dublin IRL"]
[Date "2014.07.07"]
[Round "3.6"]
[White "O'Cinneide, Mel"]
[Black "Benson, Oisin P."]
[Result "1-0"]
[WhiteElo "2227"]
[BlackElo "2040"]
[WhiteFideId "2500620"]
[BlackFideId "2501821"]
[EventDate "2014.07.05"]
[EventType "swiss"]

1. Nf3 Nf6 2. c4 g6 3. Nc3 Bg7 4. e4 d6 5. d4 O-O 6. Be2 e5 7. O-O Nc6 8. d5 Ne7
9. b4 Ne8 10. c5 f5 11. Nd2 Nf6 12. a4 fxe4 13. Ndxe4 Nf5 14. Bc4 Nd4 15. Bg5 h6
16. Nxf6+ Bxf6 17. Bxh6 Rf7 18. Be3 Bh8 19. Bxd4 exd4 20. Ne2 Rh7 21. Ra3 Qh4
22. h3 Bf5 23. Rg3 Re8 24. Bd3 Be5 25. Bxf5 Bxg3 26. Bxg6 Rg7 27. fxg3 Qe7 28.
Bxe8 Qe3+ 29. Kh1 d3 30. Nf4 d2 31. Ne6 1-0

[Event "ch-IRL 2014"]
[Site "Dublin IRL"]
[Date "2014.07.07"]
[Round "3.7"]
[White "McMahon, Daire"]
[Black "Butler, Kevin"]
[Result "1-0"]
[WhiteTitle "FM"]
[WhiteElo "2153"]
[BlackElo "2026"]
[WhiteFideId "2500477"]
[BlackFideId "2501538"]
[EventDate "2014.07.05"]
[EventType "swiss"]

1. d4 Nf6 2. c4 g6 3. Nc3 Bg7 4. e4 d6 5. Be2 O-O 6. Nf3 e5 7. O-O Nc6 8. d5 Ne7
9. Ne1 Nd7 10. Nd3 f5 11. exf5 gxf5 12. f4 Nf6 13. fxe5 Ne4 14. e6 c6 15. Nxe4
fxe4 16. Rxf8+ Qxf8 17. Nf4 Be5 18. Bh5 cxd5 19. Bf7+ Kh8 20. cxd5 b6 21. Be3
Bb7 22. Rc1 Rc8 23. Rxc8 Bxc8 24. Qc2 Ba6 25. Qxe4 Qc8 26. Nh5 Qc4 27. Qxc4 Bxc4
28. Bg5 Bxd5 29. Bxe7 Bxa2 30. Kf2 a5 31. Bf6+ Bxf6 32. Nxf6 b5 33. Ne4 b4 34.
Ke3 Kg7 35. Kd4 a4 36. Nxd6 Kf6 37. Ne4+ Ke7 38. Nc5 a3 39. bxa3 bxa3 40. Kc3
Bd5 41. g3 Kd6 42. Nd3 Bc4 43. Nf4 a2 44. Kb2 Ke7 1-0

[Event "ch-IRL 2014"]
[Site "Dublin IRL"]
[Date "2014.07.07"]
[Round "3.8"]
[White "Murray, David"]
[Black "MacElligott, Gerard"]
[Result "1-0"]
[BlackTitle "CM"]
[WhiteElo "2141"]
[BlackElo "2013"]
[WhiteFideId "2501511"]
[BlackFideId "2500647"]
[EventDate "2014.07.05"]
[EventType "swiss"]

1. e4 e6 2. d4 d5 3. Nc3 Nf6 4. Bg5 Be7 5. e5 Nfd7 6. h4 c5 7. Bxe7 Kxe7 8. Qg4
Nc6 9. Nf3 cxd4 10. Nxd4 Kf8 11. Nxc6 bxc6 12. Qb4+ Qe7 13. Qf4 Rb8 14. Rb1 Qb4
15. Qg5 f6 16. exf6 Nxf6 17. Rh3 e5 18. Rg3 Qe7 19. Be2 Rb4 20. Re3 e4 21. a3
Rb8 22. Qf4 Rb7 23. b4 Kf7 24. f3 Re8 25. Rd1 Kg8 26. fxe4 dxe4 27. Nxe4 Nxe4
28. Rd4 Qf6 29. Rexe4 Qxf4 30. Rxe8+ Kf7 31. Rxf4+ Kxe8 32. Bf3 Re7+ 33. Re4 Bf5
34. Rxe7+ Kxe7 35. c4 Bd3 36. c5 Bb5 37. Kd2 Ba4 38. Ke3 Ke6 39. Kf4 Kf6 40. g4
h6 41. g5+ hxg5+ 42. hxg5+ Ke6 43. Ke4 Bc2+ 44. Kd4 Ba4 45. Bg4+ Kf7 46. Bf5 Ke7
47. Ke5 Bb3 48. Be4 Ba4 49. Bf5 Bb5 50. Bc2 Be2 51. Bb3 Bg4 52. a4 Be2 53. Kd4
Kd7 54. Ke3 Bf1 55. Bc2 Bc4 56. Ke4 Be2 57. Ke5 Bc4 58. Kf5 Bf7 59. Bd3 Kc7 60.
b5 Bb3 61. a5 cxb5 62. Bxb5 Bf7 63. Ke5 Bb3 64. Be8 Bc4 65. Kf5 Kd8 66. Bh5 Bd3+
67. Ke6 Bb5 68. Kd6 Kc8 69. c6 Ba6 70. Bg4+ 1-0

[Event "ch-IRL 2014"]
[Site "Dublin IRL"]
[Date "2014.07.07"]
[Round "3.9"]
[White "Harding, Tim D"]
[Black "Cafolla, Peter"]
[Result "0-1"]
[WhiteElo "2126"]
[BlackElo "1994"]
[WhiteFideId "2500256"]
[BlackFideId "2500884"]
[EventDate "2014.07.05"]
[EventType "swiss"]

1. d4 d5 2. c4 e6 3. Nc3 c5 4. cxd5 exd5 5. dxc5 d4 6. Na4 Nc6 7. e4 Bxc5 8.
Nxc5 Qa5+ 9. Bd2 Qxc5 10. Nf3 Nf6 11. Rc1 Qb6 12. Bd3 O-O 13. O-O Re8 14. Qc2
Bg4 15. Rfe1 Bxf3 16. gxf3 Ne5 17. Kg2 Nh5 18. f4 Qg6+ 19. Kh1 Nf3 20. Rg1 Nxg1
21. Rxg1 Qc6 22. Qxc6 bxc6 23. Rc1 Rac8 24. b4 Nf6 25. f3 Red8 26. Ba6 Rc7 27.
Bb5 Rdc8 28. Ba6 Rb8 29. Rc4 Rb6 30. Rxd4 Rd7 31. Rxd7 Nxd7 32. Bc4 a5 33. bxa5
Rb1+ 34. Kg2 Rb2 35. a6 Rxd2+ 36. Kg3 Nb6 0-1

[Event "ch-IRL 2014"]
[Site "Dublin IRL"]
[Date "2014.07.07"]
[Round "3.10"]
[White "Killane, Jack"]
[Black "O'Donnell, Conor"]
[Result "0-1"]
[WhiteElo "1934"]
[BlackElo "2122"]
[WhiteFideId "2500949"]
[BlackFideId "2504243"]
[EventDate "2014.07.05"]
[EventType "swiss"]

1. e4 c6 2. d4 d5 3. exd5 cxd5 4. c4 Nf6 5. Nc3 Nc6 6. Bg5 dxc4 7. Bxf6 exf6 8.
d5 Ne5 9. Bxc4 Nxc4 10. Qa4+ Bd7 11. Qxc4 Bd6 12. Nge2 O-O 13. O-O f5 14. Rac1
Re8 15. Rfe1 Rc8 16. Qd3 a6 17. Nd4 Qf6 18. Nf3 Bc5 19. Nd2 b5 20. Nb3 Bd6 21.
Nd4 b4 22. Nce2 Qe5 23. Nc6 Qxh2+ 24. Kf1 Bxc6 25. dxc6 Qh1+ 26. Ng1 Bh2 0-1

[Event "ch-IRL 2014"]
[Site "Dublin IRL"]
[Date "2014.07.07"]
[Round "3.11"]
[White "Reynolds, Pat"]
[Black "O'Connor, Jonathan"]
[Result "1/2-1/2"]
[WhiteElo "1990"]
[BlackElo "2150"]
[WhiteFideId "2501392"]
[BlackFideId "2501112"]
[EventDate "2014.07.05"]
[EventType "swiss"]

1. d4 e6 2. Nf3 c5 3. g3 b6 4. Bg2 Bb7 5. O-O Nf6 6. e3 Be7 7. c4 O-O 8. Nc3 d5
9. Ne5 Qc7 10. cxd5 Nxd5 11. Nb5 Qc8 12. e4 Nf6 13. d5 Rd8 14. Nc3 Nbd7 15. f4
exd5 16. exd5 Bf8 17. b3 a6 18. Bb2 b5 19. Nc6 Re8 20. Na5 Bd6 21. Rc1 Qc7 22.
Nxb7 Qxb7 23. Qc2 Rac8 24. Rfe1 Bf8 25. Rcd1 Rxe1+ 26. Rxe1 c4 27. Ne4 c3 28.
Bc1 Nxe4 29. Bxe4 Nf6 30. Bf3 Nxd5 31. Qf5 Rd8 32. Kg2 g6 33. Qe4 Qc7 34. f5 Nb4
35. a3 Nd3 36. Rd1 Nxc1 37. Rxc1 Bxa3 38. Rc2 Bf8 39. fxg6 hxg6 40. Qe1 Bg7 41.
h4 Qc5 42. Qe2 Qe5 43. Kf2 Qc5+ 44. Kf1 Qb4 45. h5 gxh5 46. Be4 Qxb3 47. Qxh5
Qc4+ 48. Re2 b4 49. Qh4 Rd4 50. Bh7+ Kh8 51. Be4+ Kg8 52. Bh7+ 1/2-1/2

[Event "ch-IRL 2014"]
[Site "Dublin IRL"]
[Date "2014.07.07"]
[Round "3.12"]
[White "O'Rourke, Ray"]
[Black "Fox, Anthony"]
[Result "0-1"]
[WhiteElo "1997"]
[BlackElo "2059"]
[WhiteFideId "2501023"]
[BlackFideId "2500736"]
[EventDate "2014.07.05"]
[EventType "swiss"]

1. d4 d5 2. Nf3 Nf6 3. Bf4 c5 4. e3 Nc6 5. c3 Qb6 6. b3 Bg4 7. Nbd2 e6 8. h3 Bh5
9. Bd3 Be7 10. g4 Bg6 11. Bxg6 hxg6 12. g5 Nd7 13. Kf1 Qa6+ 14. c4 cxd4 15. exd4
Nb6 16. Qe2 Rc8 17. c5 Qxe2+ 18. Kxe2 Nd7 19. Rac1 f6 20. gxf6 gxf6 21. a3 e5
22. dxe5 fxe5 23. Bg3 e4 24. Ne1 Nd4+ 25. Ke3 Nf5+ 26. Ke2 Rxc5 27. Rxc5 Bxc5
28. b4 Bb6 29. Bf4 O-O 30. Ng2 Nh4 31. Nxh4 Rxf4 32. Nxg6 Rxf2+ 33. Ke1 e3 34.
Nf1 Kf7 35. Rg1 Ra2 36. Nh8+ Ke6 37. Rg6+ Ke5 38. Ng3 Rxa3 39. Nf7+ Kd4 40. h4
Kd3 41. Kf1 e2+ 42. Nxe2 Ra1+ 43. Kg2 Kxe2 44. Re6+ Kd3 45. h5 Rg1+ 46. Kh3 Bd4
47. h6 Nf6 48. Kh2 Ng4+ 49. Kh3 Nf2+ 50. Kh4 Ne4 51. Nd6 Bf2+ 0-1

[Event "ch-IRL 2014"]
[Site "Dublin IRL"]
[Date "2014.07.07"]
[Round "3.13"]
[White "Palmer, Bernard"]
[Black "Loughran, John"]
[Result "1/2-1/2"]
[WhiteElo "2026"]
[BlackElo "1872"]
[WhiteFideId "2500701"]
[BlackFideId "2501562"]
[EventDate "2014.07.05"]
[EventType "swiss"]

1. c4 Nf6 2. g3 g6 3. Bg2 Bg7 4. Nc3 d6 5. d4 O-O 6. e4 c5 7. Nge2 Nc6 8. d5 Ne5
9. Qb3 Nd3+ 10. Kf1 Ng4 11. Nd1 Nge5 12. Bd2 b5 13. cxb5 c4 14. Qc2 Qb6 15. f4
Ng4 16. h3 Ndf2 17. hxg4 Nxh1 18. Bxh1 Bxg4 19. Be3 Qxb5 20. Ndc3 Qb7 21. Nd4
Rab8 22. Rb1 Bd7 23. Bf3 Rfc8 24. Kg2 1/2-1/2

[Event "ch-IRL 2014"]
[Site "Dublin IRL"]
[Date "2014.07.07"]
[Round "3.14"]
[White "Freeman, Gordon"]
[Black "King, Melvyn"]
[Result "1-0"]
[WhiteElo "2077"]
[BlackElo "1874"]
[WhiteFideId "2501309"]
[BlackFideId "2503379"]
[EventDate "2014.07.05"]
[EventType "swiss"]

1. e4 e5 2. Nf3 f5 3. Nxe5 Qf6 4. d4 d6 5. Nc4 fxe4 6. Nc3 Bf5 7. Be2 Qf7 8. O-O
Nf6 9. f3 exf3 10. Rxf3 Be6 11. d5 Bxd5 12. Rxf6 gxf6 13. Nxd5 Kd8 14. Bh5 Qg7
15. Qe2 Be7 16. Bh6 Qxh6 17. Qxe7+ Kc8 18. Qxc7# 1-0

[Event "ch-IRL 2014"]
[Site "Dublin IRL"]
[Date "2014.07.07"]
[Round "3.15"]
[White "Twomey, Pat"]
[Black "Bourached, Anthony"]
[Result "0-1"]
[WhiteElo "1872"]
[BlackElo "1965"]
[WhiteFideId "2501937"]
[BlackFideId "2504456"]
[EventDate "2014.07.05"]
[EventType "swiss"]

1. c4 c5 2. Nf3 Nc6 3. Nc3 Nd4 4. e3 Nxf3+ 5. Qxf3 g6 6. b3 Bg7 7. Bb2 d6 8. Bd3
e6 9. Be4 Rb8 10. Qe2 Ne7 11. O-O d5 12. cxd5 exd5 13. Bf3 O-O 14. d4 cxd4 15.
exd4 Be6 16. Qd2 Nf5 17. Na4 b6 18. Rfd1 Qd6 19. g3 h5 20. Bc3 Rfc8 21. h4 Rc7
22. Qd3 Rbc8 23. Bb2 Bh6 24. Nc3 Qd7 25. Bg2 Ng7 26. f4 Nf5 27. Rd2 Bf8 28. Nb5
Rc6 29. Kh2 Bb4 30. Rf2 a6 31. a3 Bf8 32. Nc3 Bg7 33. Na2 a5 34. Rc1 Rxc1 35.
Nxc1 Nd6 36. Rc2 Rc6 37. Rxc6 Qxc6 38. Qc3 Qxc3 39. Bxc3 Nb5 40. Bb2 Bxd4 41.
Bxd4 Nxd4 42. Kg1 Kf8 43. Kf2 Ke7 44. Ke3 Nf5+ 45. Kf2 d4 46. Be4 Kd6 47. Bd3
Kc5 48. Kf3 Bd5+ 49. Kf2 Nd6 50. Ke2 Nb5 51. Bxb5 Kxb5 52. Kd3 Kc5 53. Ne2 Bxb3
54. Nxd4 Bc4+ 55. Ke3 b5 56. f5 b4 57. fxg6 fxg6 58. axb4+ axb4 59. Nf3 Ba2 60.
Kd2 Bb1 61. Kc1 Bf5 62. Kb2 Kc4 63. Ne5+ Kd5 64. Nf3 Ke4 65. Ng5+ Ke3 66. Kb3
Kf2 67. Kxb4 Kxg3 68. Kc3 Kxh4 69. Nf7 Kg3 70. Kd2 h4 71. Ng5 0-1

[Event "ch-IRL 2014"]
[Site "Dublin IRL"]
[Date "2014.07.08"]
[Round "4.1"]
[White "Collins, Sam E."]
[Black "Fitzsimons, David"]
[Result "1-0"]
[WhiteTitle "IM"]
[BlackTitle "FM"]
[WhiteElo "2488"]
[BlackElo "2351"]
[WhiteFideId "2501198"]
[BlackFideId "2501961"]
[EventDate "2014.07.05"]
[EventType "swiss"]

1. g3 c5 2. Bg2 g6 3. Nf3 Bg7 4. c3 Nf6 5. d4 Qb6 6. O-O O-O 7. Qb3 Nc6 8. Qxb6
axb6 9. Na3 d6 10. Rd1 Be6 11. Bg5 d5 12. Nb5 Rfc8 13. Bf4 Nh5 14. Be3 Ra5 15.
a4 c4 16. Ng5 Na7 17. Nxa7 Rxa7 18. Nxe6 fxe6 19. Ra3 Kf7 20. Rda1 Rca8 21. Bh3
Ra6 22. f3 e5 23. dxe5 Bxe5 24. Bd7 Bc7 25. Bb5 R6a7 26. Rd1 Rd8 27. Raa1 Ng7
28. Bf2 Raa8 29. Rd2 Ne8 30. Rad1 Nf6 31. Re1 e6 32. Rdd1 Ke7 33. Kg2 h5 34. Be3
Kf7 35. Rf1 Rf8 36. Bg5 Nh7 37. Bh6 Rfd8 38. h4 Bd6 39. e4 Nf6 40. Bg5 Be7 41.
Rde1 Ng8 42. exd5 exd5 43. f4 Rd6 44. f5 Bxg5 45. hxg5 gxf5 46. Rxf5+ Kg6 47.
Rfe5 Kg7 48. Be8 d4 49. cxd4 Rxd4 50. Rf1 Rad8 51. Rf7+ Kg6 52. Rxb7+ 1-0

[Event "ch-IRL 2014"]
[Site "Dublin IRL"]
[Date "2014.07.08"]
[Round "4.2"]
[White "Brady, Stephen"]
[Black "Daly, Colm"]
[Result "1/2-1/2"]
[WhiteTitle "FM"]
[BlackTitle "FM"]
[WhiteElo "2338"]
[BlackElo "2333"]
[WhiteFideId "2500124"]
[BlackFideId "2500434"]
[EventDate "2014.07.05"]
[EventType "swiss"]

1. e4 c5 2. c3 Nf6 3. e5 Nd5 4. d4 cxd4 5. Nf3 Nc6 6. Bc4 Nb6 7. Bb3 d5 8. exd6
Qxd6 9. O-O Be6 10. Bxe6 Qxe6 11. Nxd4 Nxd4 12. Qxd4 Rd8 13. Qh4 Qe2 14. Nd2 e6
15. Qg3 f6 16. Qf3 Qxf3 17. Nxf3 a6 18. b3 Kf7 19. Bb2 Be7 20. Rfd1 e5 21. Kf1
Nd5 22. c4 Nf4 23. Ne1 e4 24. g3 Ne6 25. Ke2 f5 26. Nc2 Bf6 27. Bxf6 Kxf6 28.
Ke3 Ke5 29. f3 g5 30. fxe4 fxe4 31. Rxd8 Rxd8 32. Rf1 Rd7 33. Rf2 h5 34. Nb4 Nd4
35. Rf8 Nf5+ 36. Ke2 Nd4+ 37. Ke3 Nf5+ 38. Ke2 Nd4+ 1/2-1/2

[Event "ch-IRL 2014"]
[Site "Dublin IRL"]
[Date "2014.07.08"]
[Round "4.3"]
[White "Jessel, Stephen"]
[Black "Redmond, John P."]
[Result "1-0"]
[WhiteTitle "FM"]
[WhiteElo "2321"]
[BlackElo "2259"]
[WhiteFideId "628859"]
[BlackFideId "2500051"]
[EventDate "2014.07.05"]
[EventType "swiss"]

1. Nf3 Nf6 2. c4 c5 3. g3 b6 4. Bg2 Bb7 5. O-O g6 6. b3 Bg7 7. Bb2 O-O 8. Nc3
Na6 9. d4 d5 10. Ne5 e6 11. dxc5 Nxc5 12. cxd5 exd5 13. Nb5 Nfe4 14. b4 Na6 15.
Qd4 Re8 16. f4 f6 17. Ng4 Qd7 18. Bxe4 Qxb5 19. Nxf6+ Kh8 20. Bd3 Qxb4 21. g4
Qxd4+ 22. Bxd4 Re7 23. Rf3 Rf7 24. g5 Bc8 25. f5 Bxf5 26. Bxa6 1-0

[Event "ch-IRL 2014"]
[Site "Dublin IRL"]
[Date "2014.07.08"]
[Round "4.4"]
[White "Murray, David"]
[Black "Short, Philip M"]
[Result "0-1"]
[BlackTitle "FM"]
[WhiteElo "2141"]
[BlackElo "2274"]
[WhiteFideId "2501511"]
[BlackFideId "2500086"]
[EventDate "2014.07.05"]
[EventType "swiss"]

1. e4 e6 2. d4 d5 3. Nc3 Nf6 4. Bg5 dxe4 5. Nxe4 Be7 6. Nxf6+ Bxf6 7. Bxf6 Qxf6
8. Nf3 O-O 9. Bd3 c5 10. c3 cxd4 11. Nxd4 e5 12. Nb5 Na6 13. O-O Nc5 14. Bc4 Ne6
15. Bxe6 Bxe6 16. Qe2 Rfc8 17. Nd6 Rc6 18. Rfd1 Rb6 19. b3 Rd8 20. Ne4 Qe7 21.
Rxd8+ Qxd8 22. Rd1 Qe7 23. Qd3 h6 24. c4 Bf5 25. h3 Rg6 26. Qd8+ Qxd8 27. Rxd8+
Kh7 28. Nd6 Bxh3 29. g3 b6 30. Nxf7 Re6 31. Rd7 a5 32. Rd5 e4 33. Rd6 Re7 34.
Nd8 Bg4 35. Nc6 e3 36. fxe3 Rxe3 37. Kf2 Re2+ 38. Kf1 Rxa2 39. Ne5 Bh3+ 40. Ke1
Rb2 41. Rd3 Bf5 42. Rc3 Bb1 43. Nd3 Rc2 44. Rxc2 Bxc2 45. Nc1 a4 46. b4 h5 47.
Kd2 Bf5 48. Kc3 g5 49. Ne2 h4 50. gxh4 gxh4 51. b5 Bg4 52. Ng1 Be6 53. Kb4 a3
54. Kxa3 Bxc4 55. Kb4 Bf1 56. Nf3 h3 57. Kc3 Kg6 58. Kd4 Bg2 59. Nh2 Kf5 60. Kc4
Ke5 0-1

[Event "ch-IRL 2014"]
[Site "Dublin IRL"]
[Date "2014.07.08"]
[Round "4.5"]
[White "O'Donnell, Conor"]
[Black "O'Cinneide, Mel"]
[Result "1-0"]
[WhiteElo "2122"]
[BlackElo "2227"]
[WhiteFideId "2504243"]
[BlackFideId "2500620"]
[EventDate "2014.07.05"]
[EventType "swiss"]

1. e4 e6 2. d4 d5 3. Nc3 Bb4 4. e5 c5 5. a3 Bxc3+ 6. bxc3 Ne7 7. Qg4 O-O 8. Bd3
Nbc6 9. Qh5 Ng6 10. Nf3 Qc7 11. Ng5 h6 12. Nxf7 Qxf7 13. Qxg6 Qxg6 14. Bxg6 cxd4
15. cxd4 Nxd4 16. Be3 Nc6 17. f4 Bd7 18. O-O b6 19. Bd3 Rac8 20. g4 Be8 21. Kg2
Rc7 22. Rae1 h5 23. h3 Rcf7 24. Bd2 Re7 25. Kg3 Bd7 26. Re3 Rc8 27. Rf2 Be8 28.
Re1 Bf7 29. Bc3 Be8 30. f5 exf5 31. gxf5 d4 32. Bc4+ Kh7 33. f6 Rxe5 34. Bd3+
Kg8 35. Bc4+ Kh7 36. Bd3+ Bg6 37. Rxe5 Nxe5 38. Bxd4 gxf6 39. Bxe5 fxe5 40. Rf7+
Kh6 41. Rf6 Rg8 42. Kh4 Rg7 43. a4 Rg8 44. Re6 Rg7 45. c4 Rg8 46. Be4 Rg7 47.
Rc6 Rg8 48. Rd6 Rg7 49. a5 bxa5 50. c5 a4 51. c6 a3 52. c7 1-0

[Event "ch-IRL 2014"]
[Site "Dublin IRL"]
[Date "2014.07.08"]
[Round "4.6"]
[White "Cafolla, Peter"]
[Black "McMahon, Daire"]
[Result "1/2-1/2"]
[BlackTitle "FM"]
[WhiteElo "1994"]
[BlackElo "2153"]
[WhiteFideId "2500884"]
[BlackFideId "2500477"]
[EventDate "2014.07.05"]
[EventType "swiss"]

1. d4 Nf6 2. c4 e6 3. Nc3 Bb4 4. f3 d5 5. a3 Bxc3+ 6. bxc3 c5 7. cxd5 exd5 8. e3
O-O 9. Bd3 Re8 10. Ne2 b6 11. O-O Ba6 12. Bxa6 Nxa6 13. Ra2 Qd7 14. g4 h5 15. g5
Nh7 16. Nf4 g6 17. Rg2 Nc7 18. Nd3 Qf5 19. Ne5 Re7 20. Nc6 Re6 21. Ne5 Re7 22.
Nc6 Re6 23. Ne5 Re7 1/2-1/2